00434 a2200169 450000100060000002000180000604000220002410000160004624000170006224500120007930000080009136200090009965000230010894200070013195201090013899900170024762318 a9788501084576 cAnchieta - Pituba aWalden,Mark10aC.O.V.Alpor10aC.O.V.A a2510 a2009 4aFicção inglesa cBK 00104070a91.1b91.1d2023-11-21l0o823 W162c WAL COVp15106/PITr2023-11-21 18:30:44w2023-11-21yBK c62318d62318